Prénom monosyllabiques français - Statistiques

Statistiques générales
  • Ce quiz a été pris 115 fois
  • Le résultat moyen est 14 sur 52
Statistiques - réponses
Première lettre Genre Réponse % Correct
A F Anne
80%
J M Jean
73%
P M Paul
71%
L F Louise
66%
L M Luc
58%
A F Aude
57%
J M Jules
54%
P M Pierre
54%
M M Marc
49%
Y M Yann
49%
J F Jeanne
44%
L M Louis
43%
C F, M Claude
42%
J M Jacques
39%
Y M Yves
37%
L F Lise
30%
P F Paule
30%
C F Claire
29%
C M Charles
29%
G M Guy
28%
G M Gilles
27%
J F Jade
27%
L F Laure
27%
E F Eve
25%
L F Line
25%
R F Rose
25%
F F Fleur
24%
L F Luce
19%
F M Franck
18%
G M Georges
18%
A F Ambre
16%
A M Ange
16%
L M Loup
16%
B M Brice
15%
H M Hugues
14%
F F France
13%
M F Marthe
12%
C M Come
11%
D F Diane
10%
J M Juste
10%
P F Prune
10%
S M Serge
10%
B F Berthe
9%
R F Reine
9%
B M Blaise
5%
B F Blanche
5%
E M Eudes
4%
J M Jude
4%
A F Aube
3%
L F Liane
2%
G F Grace
1%
S M Sixte
0%
Aucun quiz correspondant
Distribution des résultats
% des personnes avec chaque résultat
Percentile par nombre de réponses
Votre historique - résultats
Vous n’avez pas pris ce quiz